| 000 | 00776cab a2200205 4500 | ||
|---|---|---|---|
| 001 | ##L136640 | ||
| 008 | 070213n2007 000 0 eng u | ||
| 035 | _a(Sirsi) u136640 | ||
| 041 | 0 | _aeng | |
| 100 | 1 | _aBurland, James | |
| 245 | 0 | 0 |
_aBuilding study _bit's warped and reminiscent of the side of a training shoe |
| 260 | _c2007 | ||
| 490 | 0 |
_aArchitects' Journal _v225(5) 8 February 2007, 22-33(12) |
|
| 520 | _aReports on the design, architecture and costing of Lee Valley Athletics Centre, northeast London. Contains building costs, architects' drawings, layout plans and project credits. The overall development budget cost was £16m. | ||
| 590 | _aKA | ||
| 590 | _aKA | ||
| 651 | 4 |
_aUnited Kingdom _y |
|
| 690 | _aBUILT ENVIRONMENT-BUILDING COSTS | ||
| 942 | _n0 | ||
| 999 |
_c78384 _d78384 |
||